[Event "DEN-chT U20 Girls"]
[Site "Skanderborg"]
[Date "2020.01.19"]
[Round "4"]
[White "Gregersen, Karoline"]
[Black "Kongskov, Andrea"]
[Result "0-1"]
[WhiteElo "993"]
[BlackElo "1487"]
[PlyCount "138"]
[EventDate "2020.01.17"]
[EventType "tourn"]
[EventRounds "5"]
[EventCountry "DEN"]
[SourceTitle "EXT 2025"]
[Source "ChessBase"]
[SourceDate "2024.10.14"]
[SourceVersion "1"]
[SourceVersionDate "2024.10.14"]
[SourceQuality "1"]

1. e4 e5 2. Nf3 Nc6 3. Bc4 Bc5 4. 0-0 d6 5. d3 Bg4 6. h3 Bh5 7. Nc3 Nd4 8. Bg5 f6 9. Be3 Nxf3+ 10. gxf3 Bb6 11. Bxb6 axb6 12. Re1 Qd7 13. Kh2 f5 14. Qd2 Bxf3 15. Qe3 fxe4 16. dxe4 Bh5 17. Bb5 c6 18. Ba4 b5 19. Bb3 Ne7 20. Qg5 Bg6 21. Rad1 Rf8 22. Rd2 Rf3 23. Qg4 Qxg4 24. hxg4 0-0-0 25. Kg2 Rf4 26. f3 Rdf8 27. Re3 Kc7 28. a3 h5 29. Ne2 hxg4 30. Nxf4 Rxf4 31. Rf2 gxf3+ 32. Rfxf3 Bxe4 33. Kg3 Rxf3+ 34. Rxf3 Bxf3 35. Kxf3 d5 36. c3 Kd6 37. Bc2 Kc5 38. Ke3 Kc4 39. Kd2 d4 40. cxd4 exd4 41. b3+ Kc5 42. b4+ Kc4 43. Ke2 Kc3 44. Kd1 Nd5 45. Kc1 Ne3 46. Bb1 Nc4 47. Kd1 Nxa3 48. Be4 Kxb4 49. Kd2 Kc4 50. Bd3+ Kb3 51. Be2 Nb1+ 52. Kd3 Nc3 53. Bf3 c5 54. Bxb7 b4 55. Ba6 g5 56. Bc4+ Ka3 57. Be6 b3 58. Kc4 b2 59. Bf5 b1Q 60. Bxb1 Nxb1 61. Kxc5 d3 62. Kc4 d2 63. Kd3 d1Q+ 64. Ke3 Nc3 65. Kf2 Qe2+ 66. Kg3 Ne4+ 67. Kh3 Qf3+ 68. Kh2 Qg3+ 69. Kh1 Nf2# 0-1

[Event "DEN-chT U20 Girls"]
[Site "Skanderborg"]
[Date "2020.01.18"]
[Round "3"]
[White "Jacobsen, Birgitte Brunsgaard"]
[Black "Gregersen, Karoline"]
[Result "1-0"]
[WhiteElo "1481"]
[BlackElo "993"]
[PlyCount "33"]
[EventDate "2020.01.17"]
[EventType "tourn"]
[EventRounds "5"]
[EventCountry "DEN"]
[SourceTitle "EXT 2025"]
[Source "ChessBase"]
[SourceDate "2024.10.14"]
[SourceVersion "1"]
[SourceVersionDate "2024.10.14"]
[SourceQuality "1"]

1. e4 e5 2. Nf3 Nc6 3. Bc4 Bc5 4. d3 Nf6 5. Nc3 0-0 6. Bg5 h6 7. Bh4 d6 8. Nd5 g5 9. Nxg5 hxg5 10. Bxg5 Bg4 11. Nxf6+ Qxf6 12. Qxg4 Qg6 13. Qg3 Kg7 14. h4 f6 15. h5 Qh7 16. h6+ Kg6 17. Be3# 1-0